[Event "Chigorin Memorial 2018"]
[Site "St. Petersburg"]
[Date "2018.10.29"]
[Round "3.137"]
[White "Badazhkov, Egor"]
[Black "Yakovlev, Yuri S."]
[Result "1/2-1/2"]
[WhiteElo "1581"]
[BlackElo "1838"]
[PlyCount "95"]
[EventDate "2018.10.27"]
[EventType "swiss"]
[EventCountry "RUS"]
[WhiteTeam "Russland"]
[BlackTeam "Russland"]
[WhiteTeamCountry "RUS"]
[BlackTeamCountry "RUS"]

1. d4 Nf6 2. c4 e6 3. Nf3 b6 4. a3 Bb7 5. Bf4 d5 6. e3 Bd6 7. Bxd6 cxd6 8. Nc3 dxc4 9. Bxc4 O-O 10. d5 e5 11. e4 Ba6 12. Bxa6 Nxa6 13. b4 Rc8 14. Rc1 Rc4 15. Qb3 b5 16. Nd2 Rc8 17. O-O Qb6 18. Rc2 Rc7 19. Qb2 Rfc8 20. Rfc1 g6 21. Nb3 Kg7 22. Kh1 Nh5 23. g3 f5 24. f3 Qe3 25. Kg2 fxe4 26. Nxe4 Qb6 27. Rxc7+ Rxc7 28. Rxc7+ Nxc7 29. f4 Nxd5 30. fxe5 Ne3+ 31. Kf3 Nc4 32. Qd4 Qxd4 33. Nxd4 Nxe5+ 34. Kg2 d5 35. Nc3 a6 36. Nxd5 Nc4 37. Nc7 Nxa3 38. Nxa6 Kf6 39. Nc7 Ke5 40. Ncxb5 Nc4 41. Nc2 Nf6 42. Na7 Kd5 43. Kf3 Kd6 44. Kf4 h6 45. g4 Ne5 46. h3 Nd5+ 47. Ke4 Nf6+ 48. Ke3 1/2-1/2

[Event "Chigorin Memorial 2018"]
[Site "St. Petersburg"]
[Date "2018.10.29"]
[Round "3.138"]
[White "Shemakhanov, Danila"]
[Black "Smorodkin, Kirill"]
[Result "0-1"]
[WhiteElo "1559"]
[BlackElo "1819"]
[PlyCount "190"]
[EventDate "2018.10.27"]
[EventType "swiss"]
[EventCountry "RUS"]
[WhiteTeam "Russland"]
[BlackTeam "Russland"]
[WhiteTeamCountry "RUS"]
[BlackTeamCountry "RUS"]

1. e4 e5 2. Nf3 Nc6 3. Nc3 Nf6 4. d4 exd4 5. Nxd4 Bb4 6. Nxc6 bxc6 7. Bd3 d5 8. exd5 cxd5 9. O-O O-O 10. h3 c6 11. Qf3 Re8 12. Bf4 Bxc3 13. bxc3 c5 14. Rfe1 Bd7 15. Rad1 Rxe1+ 16. Rxe1 c4 17. Bf1 Bf5 18. Re2 Be4 19. Qe3 Qa5 20. f3 Bg6 21. g4 h6 22. Qd4 Qxa2 23. Be5 Qa6 24. Rd2 Qb6 25. Bxf6 gxf6 26. Qxb6 axb6 27. Rxd5 Rc8 28. Rd6 b5 29. Rd2 Rb8 30. Kf2 Ra8 31. Rd5 Ra2 32. Rxb5 Rxc2+ 33. Ke1 Rxc3 34. Rc5 Rc1+ 35. Kf2 c3 36. f4 Bb1 37. g5 fxg5 38. fxg5 c2 39. Rc8+ Kg7 40. gxh6+ Kxh6 41. Rc6+ Kg7 42. Bd3 Rd1 43. Bxc2 Rd2+ 44. Kg3 Rxc2 45. Rb6 Rc3+ 46. Kg4 Bd3 47. h4 Rc5 48. Rd6 Be2+ 49. Kg3 Bh5 50. Kf4 Bg6 51. Kg4 Rc4+ 52. Kg3 Kh6 53. Rd5 Rc3+ 54. Kf4 Rd3 55. Rc5 Rd4+ 56. Kg3 f5 57. Rc8 Rd3+ 58. Kg2 f4 59. Rf8 Be4+ 60. Kf2 f3 61. Rh8+ Kg7 62. Re8 Rd2+ 63. Ke1 Re2+ 64. Kf1 Bd3 65. Rd8 Rd2+ 66. Ke1 f2+ 67. Kxd2 f1=Q 68. Rxd3 Qf2+ 69. Kc3 Qxh4 70. Rd4 Qg3+ 71. Kc4 Qc7+ 72. Kd3 Kf6 73. Rc4 Qg3+ 74. Kd4 Qe5+ 75. Kd3 Kf5 76. Rd4 Qb5+ 77. Ke3 Qb3+ 78. Rd3 Qb6+ 79. Kd2 Ke4 80. Kc2 Qb4 81. Rc3 Qa4+ 82. Kb2 Kd4 83. Rb3 Qa5 84. Rh3 Qd2+ 85. Ka3 Qc1+ 86. Ka2 Qe1 87. Rb3 Kc4 88. Rb2 Qa5+ 89. Kb1 Qf5+ 90. Ka2 Kc3 91. Rb3+ Kc2 92. Rb2+ Kc1 93. Rb4 Qd3 94. Rb3 Qa6+ 95. Ra3 Qc4+ 0-1

[Event "Chigorin Memorial 2018"]
[Site "St. Petersburg"]
[Date "2018.10.29"]
[Round "3.139"]
[White "Khalilov, Emin"]
[Black "Ponomarev, Vsevolod"]
[Result "0-1"]
[WhiteElo "1556"]
[BlackElo "1812"]
[PlyCount "82"]
[EventDate "2018.10.27"]
[EventType "swiss"]
[EventCountry "RUS"]
[WhiteTeam "Aserbeidschan"]
[BlackTeam "Russland"]
[WhiteTeamCountry "AZE"]
[BlackTeamCountry "RUS"]

1. e4 e5 2. Nf3 Nc6 3. Bc4 Nf6 4. Ng5 d5 5. exd5 Na5 6. Bb5+ c6 7. dxc6 bxc6 8. Bd3 Nd5 9. Ne4 Be7 10. O-O O-O 11. Re1 Qc7 12. Nbc3 Be6 13. Ng3 f5 14. f3 Bh4 15. Qe2 Qb6+ 16. Kh1 Rae8 17. Rf1 Rf6 18. Nxd5 cxd5 19. Qxe5 Bf7 20. Qf4 g5 21. Qa4 Bxg3 22. Qb5 Rh6 23. h3 Qxb5 24. Bxb5 Rb8 25. Bd3 Be6 26. b3 g4 27. Bb2 gxh3 28. gxh3 Rxh3+ 29. Kg2 f4 30. Rh1 Rxh1 31. Rxh1 Rb7 32. Rh6 Bc8 33. Bc3 Rb6 34. Rxh7 Ba6 35. Rh8+ Kf7 36. Bxa5 Re6 37. Bxa6 Rxa6 38. b4 Re6 39. Rh7+ Kg6 40. Rxa7 Re2+ 41. Kh3 Rh2+ 0-1

[Event "Chigorin Memorial 2018"]
[Site "St. Petersburg"]
[Date "2018.10.29"]
[Round "3.141"]
[White "Shevtsova, Stefania"]
[Black "Chugunov, Vadim"]
[Result "0-1"]
[WhiteElo "1553"]
[BlackElo "1790"]
[PlyCount "89"]
[EventDate "2018.10.27"]
[EventType "swiss"]
[EventCountry "RUS"]
[WhiteTeam "Russland"]
[BlackTeam "Russland"]
[WhiteTeamCountry "RUS"]
[BlackTeamCountry "RUS"]

1. e4 e5 2. Nf3 Nc6 3. Bc4 Nf6 4. d3 Bc5 5. O-O O-O 6. Bg5 h6 7. Bh4 Be7 8. Re1 d6 9. a4 Nd7 10. Bxe7 Nxe7 11. c3 Ng6 12. d4 Qf6 13. h3 Nb6 14. Ba2 a5 15. Nbd2 Nf4 16. Nf1 Bd7 17. b3 Rfe8 18. Ng3 Rad8 19. Qc2 Nxh3+ 20. Kh2 Nf4 21. Rad1 Bg4 22. Rh1 Nxg2 23. Kxg2 Bxf3+ 24. Kg1 Bxh1 25. Kxh1 Qf3+ 26. Kg1 exd4 27. cxd4 h5 28. Rd3 Qg4 29. Qxc7 Na8 30. Qxb7 h4 31. b4 Rd7 32. Qc6 hxg3 33. Rxg3 Qd1+ 34. Kg2 Red8 35. Qd5 Qd2 36. Rh3 Qe2 37. Rg3 Re8 38. Qg5 Qxe4+ 39. Kg1 Qxd4 40. Kg2 d5 41. Bb1 Rd6 42. b5 Nc7 43. Bf5 Ne6 44. Bxe6 Rdxe6 45. Rb3 0-1

[Event "Chigorin Memorial 2018"]
[Site "St. Petersburg"]
[Date "2018.10.29"]
[Round "3.142"]
[White "Petrova, Anzhelika"]
[Black "Timirev, Sergey"]
[Result "1-0"]
[WhiteElo "1445"]
[BlackElo "1788"]
[PlyCount "67"]
[EventDate "2018.10.27"]
[EventType "swiss"]
[EventCountry "RUS"]
[WhiteTeam "Russland"]
[BlackTeam "Russland"]
[WhiteTeamCountry "RUS"]
[BlackTeamCountry "RUS"]

1. d4 Nf6 2. Nf3 c5 3. d5 d6 4. c4 e6 5. Nc3 exd5 6. cxd5 g6 7. e4 Bg7 8. Bd3 O-O 9. O-O a6 10. a4 Bg4 11. h3 Bxf3 12. Qxf3 Nbd7 13. Qe2 Re8 14. Bg5 Qc7 15. Rac1 h6 16. Bh4 Ne5 17. f4 Nxd3 18. Qxd3 Nd7 19. Rce1 c4 20. Qc2 b5 21. axb5 axb5 22. Bf2 Ra5 23. Ra1 Rea8 24. Nxb5 Qb8 25. Rxa5 Rxa5 26. Nd4 Ra2 27. Rb1 Nc5 28. Nc6 Qb3 29. Qxb3 Nxb3 30. e5 Nd2 31. Rd1 Rxb2 32. exd6 Ne4 33. d7 Bf6 34. Bd4 1-0

[Event "Chigorin Memorial 2018"]
[Site "St. Petersburg"]
[Date "2018.10.29"]
[Round "3.143"]
[White "Mustafazade, Fikrat"]
[Black "Kovalenko, Kleopatra"]
[Result "1/2-1/2"]
[WhiteElo "1404"]
[BlackElo "1781"]
[PlyCount "86"]
[EventDate "2018.10.27"]
[EventType "swiss"]
[EventCountry "RUS"]
[WhiteTeam "Aserbeidschan"]
[BlackTeam "Russland"]
[WhiteTeamCountry "AZE"]
[BlackTeamCountry "RUS"]

1. d4 Nf6 2. c4 g6 3. Nc3 Bg7 4. e4 d6 5. f3 O-O 6. Be3 Nc6 7. Qd2 a6 8. Bd3 e5 9. d5 Nd4 10. Nge2 Nxe2 11. Nxe2 Rb8 12. O-O c6 13. b4 cxd5 14. cxd5 Ne8 15. a4 b6 16. b5 a5 17. Rac1 f5 18. Bg5 Bf6 19. Be3 f4 20. Bf2 Rf7 21. Rc2 g5 22. g4 fxg3 23. Nxg3 Bh3 24. Re1 Ng7 25. Rc4 Be7 26. Be3 Rxf3 27. Be2 Rf7 28. Qd1 Qd7 29. Qc1 h6 30. Rc7 Qe8 31. Qc6 Bf8 32. Qxe8 Nxe8 33. Rxf7 Kxf7 34. Bh5+ Ke7 35. Bxe8 Kxe8 36. Rc1 Bd7 37. Nh5 Be7 38. Ng7+ Kf7 39. Rc7 Bg4 40. Kf2 Kxg7 41. Rxe7+ Kf6 42. Rc7 Bd1 43. Rc6 Ke7 1/2-1/2

[Event "Chigorin Memorial 2018"]
[Site "St. Petersburg"]
[Date "2018.10.29"]
[Round "3.146"]
[White "Romanov, Ivan I."]
[Black "Vorobieva, Varvara"]
[Result "0-1"]
[WhiteElo "1385"]
[BlackElo "1760"]
[PlyCount "64"]
[EventDate "2018.10.27"]
[EventType "swiss"]
[EventCountry "RUS"]
[WhiteTeam "Russland"]
[BlackTeam "Russland"]
[WhiteTeamCountry "RUS"]
[BlackTeamCountry "RUS"]

1. d4 d5 2. c4 e6 3. Nf3 Nf6 4. g3 Be7 5. Bg2 O-O 6. O-O dxc4 7. Ne5 Nd5 8. Nxc4 Nc6 9. e4 Nb6 10. Nxb6 axb6 11. Be3 Bf6 12. e5 Be7 13. Nc3 Nb4 14. a3 Nd5 15. Nxd5 exd5 16. b4 c6 17. Qb3 Be6 18. Rfd1 Qd7 19. Rac1 Rfc8 20. a4 Rc7 21. b5 c5 22. dxc5 d4 23. Qc2 Rxc5 24. Qe4 Rxa4 25. Rxc5 bxc5 26. Bf4 Qxb5 27. Rb1 Rb4 28. Rxb4 Qxb4 29. Qxb7 Qe1+ 30. Bf1 Bc4 31. Qg2 Be2 32. Bg5 Bf8 0-1

[Event "Chigorin Memorial 2018"]
[Site "St. Petersburg"]
[Date "2018.10.29"]
[Round "3.147"]
[White "Lozovoi, Georgy"]
[Black "Ageeva, Vasilisa"]
[Result "1/2-1/2"]
[WhiteElo "1315"]
[BlackElo "1745"]
[PlyCount "117"]
[EventDate "2018.10.27"]
[EventType "swiss"]
[EventCountry "RUS"]
[WhiteTeam "Russland"]
[BlackTeam "Russland"]
[WhiteTeamCountry "RUS"]
[BlackTeamCountry "RUS"]

1. e4 c5 2. Nf3 e6 3. d4 cxd4 4. Nxd4 Nf6 5. Nc3 Nc6 6. Be3 Bb4 7. Qd3 d5 8. Nxc6 bxc6 9. exd5 exd5 10. Be2 O-O 11. O-O a5 12. a3 Ba6 13. Qd2 Ne4 14. Qe1 Bxe2 15. Qxe2 Bxc3 16. bxc3 Nxc3 17. Qg4 Qf6 18. Rfe1 Nb5 19. Red1 Rfe8 20. a4 Nd6 21. Rab1 Re4 22. Qd7 Nc4 23. Bc5 Rae8 24. h3 Qe6 25. Qc7 Re2 26. c3 Nb2 27. Rf1 Nxa4 28. Qxa5 Nxc5 29. Qxc5 Re4 30. Qa5 Qf6 31. Qa3 Rc4 32. Rbc1 Qe7 33. Qb2 Qg5 34. Qb7 d4 35. Qb2 dxc3 36. Rxc3 Qf6 37. Rfc1 Rxc3 38. Qxc3 Qd6 39. Qc2 g6 40. g3 Rc8 41. Qc4 Qf6 42. Kg2 Kf8 43. Qa6 Qe6 44. Qa3+ Qe7 45. Qc3 Kg8 46. Qc4 Kf8 47. Qa6 Qe6 48. Qa5 Qe4+ 49. Kg1 Qf3 50. Qa6 Re8 51. Qb7 Re2 52. Qb6 Re6 53. Qd8+ Kg7 54. Qd4+ Qf6 55. Qd2 Qf5 56. Qd4+ Qf6 57. Qd2 Rd6 58. Qb4 Qe7 59. Qb2+ 1/2-1/2

[Event "Chigorin Memorial 2018"]
[Site "St. Petersburg"]
[Date "2018.10.29"]
[Round "3.149"]
[White "Bobrov, Vladimir"]
[Black "Moskaleva, Arina"]
[Result "0-1"]
[WhiteElo "1219"]
[BlackElo "1675"]
[PlyCount "72"]
[EventDate "2018.10.27"]
[EventType "swiss"]
[EventCountry "RUS"]
[WhiteTeam "Russland"]
[BlackTeam "Russland"]
[WhiteTeamCountry "RUS"]
[BlackTeamCountry "RUS"]

1. e4 c5 2. Nf3 d6 3. d4 cxd4 4. Nxd4 Nf6 5. Nc3 a6 6. Be3 e6 7. Bd3 b5 8. a3 Bb7 9. Qd2 Nbd7 10. O-O Be7 11. b4 O-O 12. Rfe1 Rc8 13. Bg5 Qc7 14. Nde2 Ne5 15. f3 h6 16. Bxf6 Bxf6 17. Rab1 Nxd3 18. Qxd3 Bxc3 19. Nxc3 Qxc3 20. Qxd6 Qc7 21. Qd4 Rfd8 22. Qe3 Qc3 23. Qb6 Qd4+ 24. Qxd4 Rxd4 25. Rbc1 Rc3 26. Re2 Rxa3 27. c3 Rc4 28. Re3 f5 29. exf5 exf5 30. h3 Kh7 31. g4 fxg4 32. fxg4 Ra2 33. h4 Rg2+ 34. Kf1 Rf4+ 35. Ke1 Rg1+ 36. Ke2 Rxc1 0-1

[Event "Chigorin Memorial 2018"]
[Site "St. Petersburg"]
[Date "2018.10.30"]
[Round "4"]
[White "Maghsoodloo, Parham"]
[Black "Timofeev, Artyom"]
[Result "1/2-1/2"]
[WhiteElo "2685"]
[BlackElo "2580"]
[Annotator "TA"]
[PlyCount "49"]
[EventDate "2018.10.27"]
[EventType "swiss"]
[EventCountry "RUS"]
[SourceTitle "playchess.com"]
[Source "ChessBase"]
[SourceQuality "1"]

1. Nf3 Nf6 2. c4 c5 3. Nc3 Nc6 4. g3 d5 5. cxd5 Nxd5 6. Bg2 Nc7 7. d3 e5 8. Nd2 Bd7 9. O-O Be7 10. Nc4 f6 11. f4 b5 12. Ne3 exf4 13. Nf5 b4 14. Nxg7+ Kf7 15. Nh5 bxc3 16. bxc3 Bg4 17. Nxf6 Bxf6 18. Bxc6 Nd5 19. Bxd5+ Qxd5 20. Rxf4 Qe6 21. Qf1 Kg7 22. Re4 Qf5 23. Rf4 Qe6 24. Re4 Qf5 25. Rf4 1/2-1/2

[Event "Chigorin Memorial 2018"]
[Site "St. Petersburg"]
[Date "2018.10.30"]
[Round "4"]
[White "Alekseenko, Kirill"]
[Black "Vokhidov, Shamsiddin"]
[Result "0-1"]
[WhiteElo "2639"]
[BlackElo "2446"]
[Annotator "TA"]
[PlyCount "115"]
[EventDate "2018.10.27"]
[EventType "swiss"]
[EventCountry "RUS"]
[SourceTitle "playchess.com"]
[Source "ChessBase"]
[SourceQuality "1"]

1. e4 e5 2. Nf3 Nc6 3. Bb5 Nf6 4. d3 Bc5 5. Bxc6 dxc6 6. Qe2 Nd7 7. Nbd2 O-O 8. Nc4 f6 9. Bd2 Nb6 10. Ne3 a5 11. a4 Be6 12. b3 Nc8 13. Nh4 Qd7 14. Nhf5 Bxe3 15. Nxe3 Ne7 16. O-O b6 17. Bc3 Ng6 18. g3 Bh3 19. Rfe1 c5 20. Kh1 Be6 21. h4 h6 22. Rg1 Bxb3 23. Kh2 Be6 24. f4 exf4 25. gxf4 Nxf4 26. Qf3 Qd6 27. Rg3 Rae8 28. Rf1 Ng6 29. Qh5 Ne5 30. Rxf6 Rxf6 31. Qxe8+ Rf8 32. Qh5 Nf3+ 33. Kg2 Nd4 34. Be1 Rf7 35. c3 Nc6 36. Ng4 Bxg4 37. Qxg4 Ne5 38. Qe2 Ng6 39. Bd2 Nxh4+ 40. Kh3 Ng6 41. Qg4 Kh7 42. d4 cxd4 43. cxd4 Nf4+ 44. Bxf4 Qxf4 45. e5 Qxg4+ 46. Kxg4 g5 47. Rc3 Rf4+ 48. Kg3 Rxd4 49. Rxc7+ Kg6 50. Rc6+ Kh5 51. e6 Rxa4 52. Kf3 Rf4+ 53. Ke3 Rf1 54. Rxb6 Re1+ 55. Kd4 Kg4 56. Ra6 h5 57. Kd5 Kf5 58. Kd4 0-1

[Event "Chigorin Memorial 2018"]
[Site "St. Petersburg"]
[Date "2018.10.30"]
[Round "4"]
[White "Alekseev, Evgeny"]
[Black "Levin, Evgeny A."]
[Result "1-0"]
[WhiteElo "2620"]
[BlackElo "2523"]
[Annotator "TA"]
[PlyCount "81"]
[EventDate "2018.10.27"]
[EventType "swiss"]
[EventCountry "RUS"]
[SourceTitle "playchess.com"]
[Source "ChessBase"]
[SourceQuality "1"]

1. e4 c5 2. Nf3 d6 3. d4 Nf6 4. Nc3 cxd4 5. Nxd4 a6 6. a3 Qc7 7. f3 Nc6 8. g4 e6 9. Be3 Be7 10. g5 Nd7 11. h4 b5 12. Nxc6 Qxc6 13. Qd4 Qc5 14. Qd2 Qc7 15. O-O-O Bb7 16. f4 Nc5 17. Bg2 a5 18. Kb1 Qc6 19. Qd4 O-O 20. h5 Rfd8 21. f5 b4 22. h6 e5 23. Nd5 Qxd5 24. Qxd5 Bxd5 25. exd5 Rab8 26. hxg7 bxa3 27. f6 Rxb2+ 28. Ka1 Bxf6 29. gxf6 Rxc2 30. Bxc5 Rxg2 31. Bxa3 Rg6 32. Rhf1 Rg3 33. Bb2 Rb8 34. Rd2 a4 35. Ka2 a3 36. Ba1 Rc8 37. Rff2 Rc1 38. Rc2 Rgg1 39. Bxe5 dxe5 40. Rxc1 Rxc1 41. d6 1-0

[Event "Chigorin Memorial 2018"]
[Site "St. Petersburg"]
[Date "2018.10.30"]
[Round "4"]
[White "Predke, Alexandr"]
[Black "Anisimov, Pavel"]
[Result "1/2-1/2"]
[WhiteElo "2615"]
[BlackElo "2521"]
[Annotator "TA"]
[PlyCount "158"]
[EventDate "2018.10.27"]
[EventType "swiss"]
[EventCountry "RUS"]
[SourceTitle "playchess.com"]
[Source "ChessBase"]
[SourceQuality "1"]

1. d4 Nf6 2. c4 e6 3. Nc3 Bb4 4. Qc2 O-O 5. e4 d5 6. e5 Ne4 7. Bd3 c5 8. Nf3 cxd4 9. Nxd4 Nd7 10. Bf4 Ndc5 11. O-O Nxd3 12. Qxd3 Bxc3 13. bxc3 Qh4 14. Qe3 f6 15. cxd5 fxe5 16. Bxe5 exd5 17. c4 Qh5 18. f4 Nf6 19. h3 dxc4 20. Rac1 Qf7 21. Qe2 Bd7 22. Rxc4 Rac8 23. Rb4 b6 24. Rb3 Qc4 25. Qd2 Rf7 26. Re1 Qd5 27. Rd3 Ne4 28. Qe3 Nc5 29. Rd2 Qb7 30. Nb3 Nxb3 31. Qxb3 Bc6 32. Rc1 Rcf8 33. Kh2 h6 34. Rd4 Qa8 35. Qe6 Be4 36. Rc7 Bf5 37. Qb3 Qe8 38. Rxa7 Qe6 39. Qxe6 Bxe6 40. Ra6 Rb7 41. a4 Bd7 42. Rb4 Bc6 43. Kg3 Rd8 44. Bd4 Rd5 45. Ra8+ Kf7 46. Rc8 Rd6 47. a5 Rg6+ 48. Kh4 Bxg2 49. axb6 Rc6 50. Rd8 Re6 51. Rb3 Be4 52. Rg3 Rg6 53. Re3 Re6 54. Bc5 Kg6 55. Kg3 Bf5 56. Rxe6+ Bxe6 57. h4 Bf7 58. Kf3 Kf5 59. Ke3 g5 60. fxg5 hxg5 61. hxg5 Kxg5 62. Kd4 Kf5 63. Rd6 Be6 64. Rd8 Bf7 65. Kc3 Ke6 66. Rd6+ Ke5 67. Rd2 Bd5 68. Re2+ Kf6 69. Bd4+ Kf7 70. Rf2+ Ke7 71. Bc5+ Ke6 72. Re2+ Kd7 73. Kd4 Kc6 74. Rh2 Rd7 75. Rh6+ Be6+ 76. Kc3 Kxc5 77. Rxe6 Rb7 78. Rf6 Rxb6 79. Rxb6 Kxb6 1/2-1/2

[Event "Chigorin Memorial 2018"]
[Site "St. Petersburg"]
[Date "2018.10.30"]
[Round "4"]
[White "Idani, Pouya"]
[Black "Mikaelyan, Arman"]
[Result "1-0"]
[WhiteElo "2588"]
[BlackElo "2477"]
[Annotator "TA"]
[PlyCount "69"]
[EventDate "2018.10.27"]
[EventType "swiss"]
[EventCountry "RUS"]
[SourceTitle "playchess.com"]
[Source "ChessBase"]
[SourceQuality "1"]

1. e4 e5 2. Nf3 Nc6 3. d4 exd4 4. Nxd4 Bc5 5. Nb3 Bb6 6. Nc3 Nf6 7. Bg5 h6 8. Bh4 d6 9. f3 Be6 10. Bb5 O-O 11. Bxc6 bxc6 12. Qe2 a5 13. Na4 c5 14. c4 Ba7 15. O-O Qe8 16. Nc3 a4 17. Nd2 Nh5 18. f4 f5 19. Rae1 Rb8 20. b3 axb3 21. axb3 Qg6 22. exf5 Bxf5 23. Nd5 Kh7 24. Ne7 Qg4 25. Qxg4 Bxg4 26. f5 Nf6 27. Bxf6 Rxf6 28. h3 Bh5 29. Nc6 Ra8 30. g4 Bf7 31. Ra1 d5 32. Rxa7 Rxa7 33. Nxa7 Ra6 34. Nb5 Ra2 35. Rf2 1-0

[Event "Chigorin Memorial 2018"]
[Site "St. Petersburg"]
[Date "2018.10.30"]
[Round "4"]
[White "Sengupta, Deep"]
[Black "Paravyan, David"]
[Result "1/2-1/2"]
[WhiteElo "2557"]
[BlackElo "2629"]
[Annotator "TA"]
[PlyCount "283"]
[EventDate "2018.10.27"]
[EventType "swiss"]
[EventCountry "RUS"]
[SourceTitle "playchess.com"]
[Source "ChessBase"]
[SourceQuality "1"]

1. e4 c5 2. Nf3 d6 3. Bb5+ Bd7 4. c4 Nc6 5. d4 cxd4 6. Nxd4 g6 7. Nc3 Bg7 8. Be3 Nf6 9. f3 O-O 10. O-O a6 11. Bxc6 bxc6 12. c5 Rb8 13. Rf2 Qc7 14. cxd6 exd6 15. Rd2 d5 16. exd5 Nxd5 17. Nxd5 cxd5 18. Rc2 Qb7 19. Qd2 Rfe8 20. Rd1 Rbc8 21. Rxc8 Qxc8 22. Bf2 h5 23. b3 Qd8 24. Ne2 Bb5 25. Nc3 d4 26. a4 Bc6 27. Ne2 Qd5 28. Nxd4 Rd8 29. Qc3 g5 30. Rd2 g4 31. Be3 Qe5 32. Bf2 h4 33. Re2 Qxe2 34. Nxe2 Bxc3 35. Nxc3 Rd3 36. Be1 gxf3 37. gxf3 Re3 38. Bd2 Rd3 39. Be1 Re3 40. Bd2 Rxf3 41. b4 Bd7 42. Kg2 Bc6 43. Kg1 Bd7 44. Kg2 Rd3 45. Be1 h3+ 46. Kf2 Rd4 47. b5 axb5 48. axb5 Rb4 49. Kg3 Rb2 50. Bf2 Kh7 51. b6 Bc6 52. Be3 Rc2 53. Nd1 Bg2 54. Bf4 Rc6 55. Bc7 Rc1 56. Ne3 Rc3 57. Kf4 Kg6 58. Ng4 Rf3+ 59. Ke5 Kg5 60. Kd4 Rb3 61. Ne5 f5 62. Nd3 Rb1 63. Ke3 Be4 64. Nc5 Bd5 65. Nd3 Bg2 66. Bd8+ Kh5 67. Bc7 Rb5 68. Kf4 Kg6 69. Ke3 Kf6 70. Kd4 Ke7 71. Kc4 Rb1 72. Kd4 Kd7 73. Kc5 Be4 74. Nf4 Rb3 75. Kc4 Rf3 76. Kc5 Rc3+ 77. Kd4 Ra3 78. Kc5 Bg2 79. Ng6 Rc3+ 80. Kd4 Rb3 81. Ne5+ Ke7 82. Nd3 Rb1 83. Kc5 Kd7 84. Ne5+ Ke6 85. Nd3 Kf6 86. Bd8+ Kf7 87. Bc7 Kg6 88. Kd4 Kg5 89. Ke3 Rb3 90. Kd4 Be4 91. Nc5 Rb4+ 92. Kc3 Rb1 93. Kd4 Rb4+ 94. Kc3 Rb1 95. Kd4 Ba8 96. Nd3 Rf1 97. Nc5 f4 98. b7 Bxb7 99. Nxb7 Rf2 100. Nc5 Rxh2 101. Nd3 Ra2 102. Bxf4+ Kg4 103. Bd6 Kf3 104. Ne5+ Ke2 105. Nc4 Ra6 106. Bb8 Rg6 107. Ne3 Rg8 108. Bh2 Kf3 109. Nd5 Rg2 110. Bb8 Rb2 111. Bc7 Rd2+ 112. Kc4 Rc2+ 113. Nc3 Rg2 114. Nd5 Rc2+ 115. Nc3 Rd2 116. Nd5 Rd1 117. Bh2 Rh1 118. Bb8 Rg1 119. Kd3 Rg5 120. Kd4 Rg8 121. Bc7 Rc8 122. Be5 Rc2 123. Kd3 Rc1 124. Bh2 Rd1+ 125. Kc4 Rd2 126. Bb8 Rb2 127. Bd6 Rb1 128. Bh2 Rb2 129. Bd6 Ra2 130. Kd3 Ra3+ 131. Kd4 Kf2 132. Ke4 Ra4+ 133. Kd3 Rg4 134. Bc5+ Ke1 135. Bd6 Rg8 136. Bh2 Rg2 137. Bf4 Kf2 138. Bc7 Rg1 139. Bb6+ Kg2 140. Nf4+ Kh1 141. Bxg1 Kxg1 142. Nxh3+ 1/2-1/2

[Event "Chigorin Memorial 2018"]
[Site "St. Petersburg"]
[Date "2018.10.30"]
[Round "4"]
[White "Ter-Sahakyan, Samvel"]
[Black "Khismatullin, Denis"]
[Result "1-0"]
[WhiteElo "2547"]
[BlackElo "2617"]
[Annotator "TA"]
[PlyCount "117"]
[EventDate "2018.10.27"]
[EventType "swiss"]
[EventCountry "RUS"]
[SourceTitle "playchess.com"]
[Source "ChessBase"]
[SourceQuality "1"]

1. e4 d6 2. d4 Nf6 3. Nc3 g6 4. Be3 Bg7 5. Qd2 c6 6. Bh6 Bxh6 7. Qxh6 Qa5 8. O-O-O Bg4 9. f3 Be6 10. a3 Nbd7 11. g4 Nb6 12. h4 Bc4 13. Qg5 Qa6 14. Nge2 O-O-O 15. Kb1 h5 16. Nc1 Bxf1 17. Rhxf1 Nc4 18. Nb3 Rde8 19. Rfe1 Nd7 20. Qf4 f6 21. gxh5 Rxh5 22. Qg4 Reh8 23. Rd3 Rxh4 24. Qxg6 Rh2 25. Red1 Kb8 26. Qg7 Ndb6 27. Nd2 R2h7 28. Qg3 Nxd2+ 29. R1xd2 Nc4 30. Rg2 Rh1+ 31. Rg1 R1h2 32. Rg2 R2h3 33. Qg7 Rh1+ 34. Rg1 R1h7 35. Qg3 Qb6 36. Nd1 Rh2 37. Rg2 Rh1 38. Rg1 a5 39. Rxh1 Nxa3+ 40. Rxa3 Rxh1 41. Rd3 Qb4 42. Qg2 Rh5 43. Qd2 Qb5 44. Ka2 Qa4+ 45. Kb1 Qb5 46. Qc3 Rh1 47. Qb3 Qxb3 48. cxb3 Kc7 49. Kc2 Rf1 50. Kd2 e5 51. Ke2 Rh1 52. Nf2 Rh5 53. Ng4 exd4 54. Rxd4 Rb5 55. Nxf6 Rxb3 56. Rd2 Kd8 57. Ng4 Ke7 58. Ne3 Ke6 59. Nf5 1-0

[Event "Chigorin Memorial 2018"]
[Site "St. Petersburg"]
[Date "2018.10.30"]
[Round "4"]
[White "Lobanov, Sergei"]
[Black "Popov, Ivan"]
[Result "0-1"]
[WhiteElo "2539"]
[BlackElo "2611"]
[Annotator "TA"]
[PlyCount "74"]
[EventDate "2018.10.27"]
[EventType "swiss"]
[EventCountry "RUS"]
[SourceTitle "playchess.com"]
[Source "ChessBase"]
[SourceQuality "1"]

1. e4 c6 2. d4 d5 3. e5 Bf5 4. Nf3 e6 5. Be2 c5 6. O-O Nc6 7. c3 Bg4 8. Nbd2 cxd4 9. cxd4 Nge7 10. h3 Bxf3 11. Nxf3 Nf5 12. b3 Be7 13. Bb2 O-O 14. g4 Nh4 15. Nxh4 Bxh4 16. f4 f6 17. Kg2 Kh8 18. Qd2 Qd7 19. Bd3 f5 20. gxf5 exf5 21. Kh2 Nd8 22. Rac1 Ne6 23. Qg2 g6 24. Qf3 Rac8 25. Rxc8 Rxc8 26. Qg2 Be7 27. Qf2 Qd8 28. Qd2 Bf8 29. Kg3 Be7 30. Kf3 Qb6 31. Bb1 a5 32. Ke3 a4 33. Rc1 Rxc1 34. Qxc1 axb3 35. Qc8+ Kg7 36. Qe8 Qb4 37. Kf3 Bh4 0-1

[Event "Chigorin Memorial 2018"]
[Site "St. Petersburg"]
[Date "2018.10.30"]
[Round "4"]
[White "Khanin, Semen"]
[Black "Kokarev, Dmitry"]
[Result "1/2-1/2"]
[WhiteElo "2510"]
[BlackElo "2604"]
[Annotator "TA"]
[PlyCount "96"]
[EventDate "2018.10.27"]
[EventType "swiss"]
[EventCountry "RUS"]
[SourceTitle "playchess.com"]
[Source "ChessBase"]
[SourceQuality "1"]

1. e4 c5 2. Nf3 Nf6 3. e5 Nd5 4. Nc3 Nxc3 5. dxc3 Nc6 6. Bf4 e6 7. Qd2 h6 8. h4 Qc7 9. h5 a6 10. c4 b6 11. Be2 Bb7 12. c3 O-O-O 13. O-O-O Ne7 14. Qd6 g5 15. Qxc7+ Kxc7 16. Bh2 Be4 17. Rd2 Nc6 18. g4 Be7 19. Re1 Bxf3 20. Bxf3 d6 21. Bxc6 Kxc6 22. exd6 Bxd6 23. Red1 Bc7 24. Rxd8 Rxd8 25. Rxd8 Bxd8 26. Kc2 Be7 27. f3 Bd6 28. Bg1 f5 29. Kd3 Kd7 30. b4 Ke7 31. bxc5 bxc5 32. Bf2 Kf6 33. Ke2 e5 34. Bg3 Ke6 35. Bh2 Be7 36. Bg3 e4 37. Bh2 Bf6 38. Bg1 Be7 39. Bh2 Bf8 40. Bg3 f4 41. Be1 e3 42. Kd3 Ke5 43. Kc2 Kd6 44. Kd3 Bg7 45. Kc2 Be5 46. Kb3 Kc6 47. Kc2 Bh8 48. Kd3 Kd6 1/2-1/2

[Event "Chigorin Memorial 2018"]
[Site "St. Petersburg"]
[Date "2018.10.30"]
[Round "4"]
[White "Khegay, Dmitriy"]
[Black "Goganov, Aleksey"]
[Result "0-1"]
[WhiteElo "2499"]
[BlackElo "2592"]
[Annotator "TA"]
[PlyCount "102"]
[EventDate "2018.10.27"]
[EventType "swiss"]
[EventCountry "RUS"]
[SourceTitle "playchess.com"]
[Source "ChessBase"]
[SourceQuality "1"]

1. e4 e6 2. d4 d5 3. Nc3 Bb4 4. e5 c5 5. Bd2 Ne7 6. Nb5 Bxd2+ 7. Qxd2 O-O 8. dxc5 Nbc6 9. f4 b6 10. cxb6 Qxb6 11. c3 Rb8 12. b3 Ba6 13. a4 Na5 14. Rb1 Bxb5 15. axb5 a6 16. b4 Nc4 17. Bxc4 dxc4 18. bxa6 Qxa6 19. Ne2 Rfd8 20. Nd4 Nf5 21. O-O Qb6 22. Rfd1 Rd5 23. Qf2 Rbd8 24. h3 h6 25. Kh2 R8d7 26. Qg1 Nxd4 27. Rxd4 Rxd4 28. b5 R7d5 29. Rd1 Qxb5 30. Rxd4 Rxd4 31. Qxd4 Qd5 32. Qe3 Qd3 33. Qe1 Kh7 34. Kg1 h5 35. Kf2 Kg6 36. Qe3 Qc2+ 37. Kf3 Qd1+ 38. Kf2 Kf5 39. g3 Qh1 40. Qd4 Qh2+ 41. Kf3 Qh1+ 42. Kf2 Qxh3 43. Qxc4 Qh2+ 44. Kf3 Qh1+ 45. Ke3 Qe1+ 46. Kf3 Qd1+ 47. Kf2 Qd2+ 48. Kf3 Qd5+ 49. Qxd5 exd5 50. Ke3 Kg4 51. Kd4 g6 0-1